[Event "95th Caplin Hastings Congress"]
[Site "Hastings"]
[Date "2020.01.03"]
[Round "7.6"]
[White "Kantor, Gergely"]
[Black "Murphy, Conor E"]
[Result "1-0"]
[WhiteElo "2541"]
[BlackElo "2407"]
[Annotator "ChessBase"]
[PlyCount "41"]
[EventDate "2019.12.28"]
[EventType "swiss"]
[EventCountry "ENG"]
[SourceTitle "playchess.com"]
[Source "ChessBase"]
[SourceQuality "1"]
[TimeControl "40/6600+30:3000+30"]

1. d4 {[%emt 0:12:03]} Nf6 {[%emt 0:09:42]} 2. c4 {[%emt 0:01:02]} e6 {[%emt 0:00:07]} 3. g3 {[%emt 0:00:02]} d5 {[%emt 0:00:18]} 4. Bg2 {[%emt 0:00:10]} dxc4 {[%emt 0:00:18]} 5. Nf3 {[%emt 0:01:45]} a6 {[%emt 0:00:15]} 6. O-O {[%emt 0:01:08]} Nc6 {[%emt 0:00:20]} 7. e3 {[%emt 0:00:23]} Bd7 {[%emt 0:00:31]} 8. Qe2 {[%emt 0:02:02]} Bd6 {[%emt 0:00:52]} 9. Qxc4 {[%emt 0:02:30]} O-O {[%emt 0:00:35]} 10. Nc3 {[%emt 0:05:10]} Rb8 {[%emt 0:08:03]} 11. Rd1 {[%emt 0:04:28]} Qe7 {[%emt 0:14:44]} 12. e4 {[%emt 0:09:03]} e5 {[%emt 0:01:17]} 13. Bg5 {[%emt 0:06:06]} exd4 {[%emt 0:29:01]} 14. Nd5 {[%emt 0:03:56]} Qxe4 {[%emt 0:07:48]} 15. Nh4 {[%emt 0:09:53]} Qe6 {[%emt 0:11:36]} 16. Bxf6 {[%emt 0:01:32]} gxf6 {[%emt 0:00:17]} 17. Re1 {[%emt 0:13:39]} Be5 {[%emt 0:07:03]} 18. f4 {[%emt 0:02:18]} b5 {[%emt 0:07:32]} 19. Qc5 {[%emt 0:15:09]} d3 {[%emt 0:04:12]} 20. fxe5 {[%emt 0:01:21]} fxe5 {[%emt 0:00:21]} 21. Rad1 {[%emt 0:02:42]} 1-0

[Event "95th Caplin Hastings Congress"]
[Site "Hastings"]
[Date "2020.01.03"]
[Round "7.7"]
[White "Grieve, Harry"]
[Black "Stany, G.A."]
[Result "0-1"]
[WhiteElo "2299"]
[BlackElo "2519"]
[Annotator "ChessBase"]
[PlyCount "62"]
[EventDate "2019.12.28"]
[EventType "swiss"]
[EventCountry "ENG"]
[SourceTitle "playchess.com"]
[Source "ChessBase"]
[SourceQuality "1"]
[TimeControl "40/6600+30:3000+30"]

1. e4 {[%emt 0:09:35]} e5 {[%emt 0:15:17]} 2. Nf3 {[%emt 0:00:06]} Nc6 {[%emt 0:00:04]} 3. Bc4 {[%emt 0:00:07]} Bc5 {[%emt 0:00:04]} 4. O-O {[%emt 0:00:26]} Nf6 {[%emt 0:02:51]} 5. d3 {[%emt 0:00:07]} d6 {[%emt 0:00:48]} 6. a4 {[%emt 0:00:06]} a5 {[%emt 0:00:42]} 7. Bg5 {[%emt 0:00:33]} h6 {[%emt 0:00:34]} 8. Bh4 {[%emt 0:00:05]} g5 {[%emt 0:03:56]} 9. Bg3 {[%emt 0:00:01]} Bg4 {[%emt 0:00:16]} 10. c3 {[%emt 0:26:11]} Rg8 {[%emt 0:14:15]} 11. Qb3 {[%emt 0:07:08]} Qd7 {[%emt 0:01:25]} 12. Nbd2 {[%emt 0:02:38]} Kf8 {[%emt 0:12:32]} 13. Rae1 {[%emt 0:10:53]} Bb6 {[%emt 0:05:51]} 14. d4 {[%emt 0:06:07]} exd4 {[%emt 0:01:06]} 15. e5 {[%emt 0:04:11]} dxc3 {[%emt 0:08:04]} 16. Qxc3 {[%emt 0:08:39]} Nh5 {[%emt 0:02:33]} 17. exd6 {[%emt 0:06:34]} Nxg3 {[%emt 0:01:10]} 18. Qf6 {[%emt 0:05:38]} Rg7 {[%emt 0:01:11]} 19. Qxh6 {[%emt 0:11:02]} Nf5 {[%emt 0:07:19]} 20. Qh8+ {[%emt 0:00:05]} Rg8 {[%emt 0:00:04]} 21. Qf6 {[%emt 0:00:04]} Rg7 {[%emt 0:03:58]} 22. Nxg5 {[%emt 0:19:42]} Bd4 {[%emt 0:02:14]} 23. Ne6+ {[%emt 0:00:38]} Qxe6 {[%emt 0:00:10]} 24. Qxg7+ {[%emt 0:00:53]} Nxg7 {[%emt 0:00:40]} 25. Bxe6 {[%emt 0:00:05]} Nxe6 {[%emt 0:00:12]} 26. dxc7 {[%emt 0:00:12]} Nxc7 {[%emt 0:00:21]} 27. Re4 {[%emt 0:00:54]} Bf5 {[%emt 0:00:52]} 28. Rh4 {[%emt 0:00:39]} Re8 {[%emt 0:03:09]} 29. g4 {[%emt 0:00:40]} Bd3 {[%emt 0:01:04]} 30. Rd1 {[%emt 0:00:15]} Re2 {[%emt 0:00:30]} 31. Rh3 {[%emt 0:00:26]} Bc2 {[%emt 0:00:14]} 0-1

[Event "95th Caplin Hastings Congress"]
[Site "Hastings"]
[Date "2020.01.03"]
[Round "7.8"]
[White "Korneev, Oleg"]
[Black "Bates, Richard A"]
[Result "1/2-1/2"]
[WhiteElo "2513"]
[BlackElo "2351"]
[Annotator "ChessBase"]
[PlyCount "47"]
[EventDate "2019.12.28"]
[EventType "swiss"]
[EventCountry "ENG"]
[SourceTitle "playchess.com"]
[Source "ChessBase"]
[SourceQuality "1"]
[TimeControl "40/6600+30:3000+30"]

1. e4 {[%emt 0:22:19]} c5 {[%emt 0:11:04]} 2. c3 {[%emt 0:02:52]} d6 {[%emt 0:04:42]} 3. d4 {[%emt 0:00:23]} Nf6 {[%emt 0:00:11]} 4. Bd3 {[%emt 0:00:03]} g6 {[%emt 0:01:15]} 5. Nf3 {[%emt 0:00:41]} Bg7 {[%emt 0:01:41]} 6. h3 {[%emt 0:00:10]} O-O {[%emt 0:02:10]} 7. O-O {[%emt 0:00:03]} Nc6 {[%emt 0:10:01]} 8. Re1 {[%emt 0:10:02]} e5 {[%emt 0:04:27]} 9. dxc5 {[%emt 0:02:59]} dxc5 {[%emt 0:00:12]} 10. Bg5 {[%emt 0:03:24]} h6 {[%emt 0:02:09]} 11. Bxf6 {[%emt 0:00:08]} Qxf6 {[%emt 0:06:23]} 12. Nbd2 {[%emt 0:00:10]} b6 {[%emt 0:33:43]} 13. Nf1 {[%emt 0:04:19]} Be6 {[%emt 0:03:39]} 14. Qe2 {[%emt 0:01:56]} Na5 {[%emt 0:07:04]} 15. Ne3 {[%emt 0:03:12]} Rad8 {[%emt 0:07:12]} 16. a3 {[%emt 0:22:51]} Qe7 {[%emt 0:07:08]} 17. b4 {[%emt 0:01:22]} c4 {[%emt 0:02:31]} 18. Bc2 {[%emt 0:05:03]} Nb7 {[%emt 0:02:00]} 19. Nxc4 {[%emt 0:09:41]} Qc7 {[%emt 0:03:08]} 20. Ne3 {[%emt 0:11:54]} Qxc3 {[%emt 0:02:08]} 21. Ba4 {[%emt 0:02:36]} Rc8 {[%emt 0:03:11]} 22. Nd5 {[%emt 0:00:03]} Bxd5 {[%emt 0:00:00]} 23. exd5 {[%emt 0:01:39]} Nd6 {[%emt 0:06:19]} 24. Bc6 {[%emt 0:06:36]} 1/2-1/2

[Event "95th Caplin Hastings Congress"]
[Site "Hastings"]
[Date "2020.01.03"]
[Round "7.9"]
[White "Stoyanov, Viktor"]
[Black "Williams, Simon K"]
[Result "0-1"]
[WhiteElo "2234"]
[BlackElo "2461"]
[Annotator "ChessBase"]
[PlyCount "118"]
[EventDate "2019.12.28"]
[EventType "swiss"]
[EventCountry "ENG"]
[SourceTitle "playchess.com"]
[Source "ChessBase"]
[SourceQuality "1"]
[TimeControl "40/6600+30:3000+30"]

1. d4 {[%emt 0:13:21]} Nf6 {[%emt 0:12:27]} 2. Nf3 {[%emt 0:01:58]} g6 {[%emt 0:03:20]} 3. c4 {[%emt 0:01:23]} Bg7 {[%emt 0:00:17]} 4. Nc3 {[%emt 0:00:11]} O-O {[%emt 0:00:36]} 5. e4 {[%emt 0:00:07]} d6 {[%emt 0:00:14]} 6. h3 {[%emt 0:00:33]} c5 {[%emt 0:03:47]} 7. Be3 {[%emt 0:00:09]} Qa5 {[%emt 0:02:10]} 8. Qd2 {[%emt 0:03:51]} a6 {[%emt 0:14:26]} 9. Be2 {[%emt 0:17:00]} Nc6 {[%emt 0:08:10]} 10. d5 {[%emt 0:17:24]} Nd4 {[%emt 0:00:13]} 11. Nxd4 {[%emt 0:02:39]} cxd4 {[%emt 0:00:04]} 12. Bxd4 {[%emt 0:00:16]} Nxe4 {[%emt 0:00:25]} 13. Qe3 {[%emt 0:00:57]} Bxd4 {[%emt 0:01:30]} 14. Qxd4 {[%emt 0:00:06]} Nxc3 {[%emt 0:00:07]} 15. Qxc3 {[%emt 0:02:25]} Qxc3+ {[%emt 0:00:06]} 16. bxc3 {[%emt 0:00:04]} Bd7 {[%emt 0:01:23]} 17. Rb1 {[%emt 0:00:37]} b5 {[%emt 0:00:49]} 18. cxb5 {[%emt 0:01:58]} axb5 {[%emt 0:00:05]} 19. O-O {[%emt 0:16:16]} Ra5 {[%emt 0:00:38]} 20. Rb2 {[%emt 0:00:36]} Rc8 {[%emt 0:00:19]} 21. Rc1 {[%emt 0:02:49]} Rc5 {[%emt 0:00:38]} 22. Rd2 {[%emt 0:04:54]} Ra3 {[%emt 0:07:35]} 23. c4 {[%emt 0:05:27]} Ra4 {[%emt 0:01:06]} 24. Rdc2 {[%emt 0:03:24]} Bf5 {[%emt 0:00:17]} 25. Rc3 {[%emt 0:00:11]} Rxa2 {[%emt 0:00:41]} 26. Bf3 {[%emt 0:00:06]} bxc4 {[%emt 0:08:18]} 27. Rxc4 {[%emt 0:00:12]} Rxc4 {[%emt 0:00:48]} 28. Rxc4 {[%emt 0:00:02]} g5 {[%emt 0:00:06]} 29. Rc7 {[%emt 0:01:24]} Kf8 {[%emt 0:00:11]} 30. g4 {[%emt 0:03:56]} Bg6 {[%emt 0:00:32]} 31. Kg2 {[%emt 0:00:09]} Ra3 {[%emt 0:05:19]} 32. Rb7 {[%emt 0:02:48]} h6 {[%emt 0:00:06]} 33. Rc7 {[%emt 0:01:19]} Ra4 {[%emt 0:02:02]} 34. Rb7 {[%emt 0:02:16]} Be4 {[%emt 0:07:25]} 35. Rb5 {[%emt 0:01:18]} Kg7 {[%emt 0:00:40]} 36. Rb8 {[%emt 0:00:39]} Bg6 {[%emt 0:03:30]} 37. Kg3 {[%emt 0:01:18]} Ra3 {[%emt 0:01:08]} 38. Kg2 {[%emt 0:00:06]} Kf6 {[%emt 0:00:48]} 39. Rb7 {[%emt 0:00:34]} Bd3 {[%emt 0:02:01]} 40. Rb2 {[%emt 0:01:02]} Bc4 {[%emt 0:03:22]} 41. Rb4 {[%emt 0:50:31]} Rc3 {[%emt 0:50:43]} 42. Ra4 {[%emt 0:00:21]} Rc1 {[%emt 0:02:16]} 43. Ra3 {[%emt 0:00:26]} Rc2 {[%emt 0:00:40]} 44. Ra4 {[%emt 0:00:22]} Rc3 {[%emt 0:00:18]} 45. Rb4 {[%emt 0:02:25]} Ke5 {[%emt 0:01:36]} 46. Rb8 {[%emt 0:00:17]} Bf1+ {[%emt 0:07:40]} 47. Kxf1 {[%emt 0:00:35]} Rxf3 {[%emt 0:00:03]} 48. Kg2 {[%emt 0:00:22]} Rf6 {[%emt 0:01:16]} 49. Rb7 {[%emt 0:00:31]} e6 {[%emt 0:01:14]} 50. dxe6 {[%emt 0:00:05]} fxe6 {[%emt 0:00:03]} 51. Rb2 {[%emt 0:01:13]} d5 {[%emt 0:00:14]} 52. Kf1 {[%emt 0:00:14]} Rf3 {[%emt 0:00:52]} 53. Re2+ {[%emt 0:00:28]} Kd6 {[%emt 0:00:19]} 54. Kg2 {[%emt 0:00:14]} Rc3 {[%emt 0:00:11]} 55. Ra2 {[%emt 0:00:47]} e5 {[%emt 0:00:10]} 56. Ra8 {[%emt 0:00:09]} Rc6 {[%emt 0:01:38]} 57. Kf1 {[%emt 0:00:26]} e4 {[%emt 0:00:12]} 58. Ke2 {[%emt 0:00:42]} Ke5 {[%emt 0:00:16]} 59. Ra4 {[%emt 0:00:33]} Rc3 {[%emt 0:00:10]} 0-1

[Event "95th Caplin Hastings Congress"]
[Site "Hastings"]
[Date "2020.01.03"]
[Round "7.10"]
[White "Lyell, Mark"]
[Black "Arkell, Keith C"]
[Result "0-1"]
[WhiteElo "2294"]
[BlackElo "2460"]
[Annotator "TA"]
[PlyCount "112"]
[EventDate "2019.12.28"]
[EventType "swiss"]
[EventCountry "ENG"]
[SourceTitle "playchess.com"]
[Source "ChessBase"]
[SourceQuality "1"]

{[%evp 9,112,27,64,57,56,37,58,14,16,0,29,29,32,33,75,72,60,65,68,50,50,41,47,64,88,42,80,26,23,-30,-25,-85,-80,-76,12,5,3,5,12,0,0,0,52,60,61,36,57,0,0,0,0,-42,-33,-87,-83,-81,-77,-70,-90,-253,-258,-370,-362,-344,-341,-341,-341,-341,-341,-341,-341,-340,-333,-331,-331,-331,-328,-323,-305,-325,-316,-293,-291,-418,-434,-394,-260,-400,-422,-511,-490,-490,-450,-716,-579,-565,-564,-558,-477,-1920,-1912,-1924,-1864,-1768,-1736]} 1. e4 d5 2. exd5 Qxd5 3. Nc3 Qd8 4. d4 Nf6 5. Bc4 g6 6. Nf3 {B01: Scandinavian Defence} Bg7 7. Ne5 (7. O-O O-O 8. Re1 Nc6 9. d5 Na5 10. Bf1 e6 11. dxe6 Bxe6 12. Qxd8 Rfxd8 13. Bf4 {½-½ (40) Amin,B (2704)-Nakamura,H (2761) Abidjan 2019}) 7... O-O 8. Be3 {White is slightly better.} Nbd7 9. Qe2 Nb6 10. Bb3 a5 $146 ({Predecessor:} 10... c6 11. h4 Nbd5 12. Nxd5 cxd5 13. h5 a5 14. a4 gxh5 {1-0 (32) Rigo,Z (2397)-Chytilek,R (2390) Slovakia 2009}) 11. a4 Nbd5 12. Nxd5 Nxd5 13. O-O-O Be6 14. h4 $1 Nxe3 15. Qxe3 Bxb3 16. Qxb3 Qc8 17. f4 Qf5 18. Qe3 (18. Kb1 $16) 18... h5 $11 19. Rdg1 (19. Rhe1 $142) 19... Rfd8 20. c3 {[#]} (20. Rd1 $11) 20... c5 $1 {[%mdl 512] Strongly threatening ...cxd4.} 21. dxc5 {[#]} Bh6 (21... Rd5 $1 $17 22. Re1 Rad8) 22. g3 Rd5 $132 {[%mdl 2048] aiming for ...Rxe5. Black has counterplay} 23. Re1 Rc8 24. c6 bxc6 25. Qe4 Bg7 (25... Qf6 $1 $11) 26. Qxf5 gxf5 27. Nc4 Rc5 $1 {[%cal Rc5c4]} 28. Nb6 (28. Nd2 $14) 28... Rc7 29. Rd1 Rb7 30. Rd8+ (30. Nd7 $5 {[%cal Rd7c5]} Rd5 31. Rxd5 cxd5 32. Nc5 $11) 30... Kh7 31. Nd7 (31. Nc8 $1 $15) 31... Rd5 $17 32. Rd1 Rxd1+ {[%mdl 64] Overworked Piece} 33. Kxd1 Rxb2 {[%mdl 4096] Endgame KRB-KRN} 34. Nf8+ $2 (34. Nb8 $17 {is the only way for White.}) 34... Kh6 $19 35. Rc8 (35. Nd7 $142) 35... e6 36. Nd7 Bxc3 {And now ...Rd2+ would win.} 37. Rxc6 Rd2+ 38. Kc1 Rxd7 39. Rxc3 {KR-KR} Rd4 40. Ra3 Kg7 41. Kc2 Kf8 42. Kc3 Re4 43. Kd3 Ke7 44. Ra1 Rb4 45. Ke3 f6 46. Rc1 (46. Ra3 $142) 46... Rxa4 47. Rc7+ Kf8 48. Ra7 (48. Rc8+ $142 Ke7 49. Rh8) 48... Ra3+ 49. Kf2 {Black is clearly winning.} a4 {[%cal Ba5a4,Ba4a3,Ba3a2][%mdl 32]} 50. Ra8+ Ke7 51. Rh8 (51. Ke2 $142) 51... Kf7 52. Rh7+ Kf8 53. Ra7 Ra1 54. Kg2 (54. Ke2 $142) 54... a3 55. Kh2 a2 56. Kg2 e5 {Accuracy: White = 30%, Black = 76%.} 0-1

[Event "95th Caplin Hastings Congress"]
[Site "Hastings"]
[Date "2020.01.03"]
[Round "7.11"]
[White "Brouwer, Dennis"]
[Black "Flear, Glenn C"]
[Result "0-1"]
[WhiteElo "2209"]
[BlackElo "2435"]
[Annotator "NA"]
[PlyCount "66"]
[EventDate "2019.12.28"]
[EventType "swiss"]
[EventCountry "ENG"]
[SourceTitle "playchess.com"]
[Source "ChessBase"]
[SourceQuality "1"]
[TimeControl "40/6600+30:3000+30"]

1. e4 {[%emt 0:09:34]} e5 {[%emt 0:11:59]} 2. Nf3 {[%emt 0:00:09]} Nc6 {[%emt 0:00:09]} 3. Bb5 {[%emt 0:00:12]} a6 {[%emt 0:00:27]} 4. Ba4 {[%emt 0:00:10]} Nf6 {[%emt 0:00:08]} 5. O-O {[%emt 0:00:38]} Nxe4 {[%emt 0:03:08]} 6. d4 {[%emt 0:00:00]} b5 {[%emt 0:00:08]} 7. Bb3 {[%emt 0:00:00]} d5 {[%emt 0:00:07]} 8. dxe5 {[%emt 0:00:00]} Be6 {[%emt 0:00:07]} 9. Be3 {[%emt 0:00:10]} Be7 {[%emt 0:01:04]} 10. c3 {[%emt 0:01:33]} Nc5 {[%emt 0:04:26]} 11. Nbd2 {[%emt 0:25:56]} Nd3 $11 {[%emt 0:03:38]} 12. Qb1 {[%emt 0:22:17]} Ndxe5 {[%emt 0:01:13]} 13. Nxe5 {[%emt 0:02:29]} Nxe5 {[%emt 0:00:08]} 14. Bd4 {[%emt 0:17:54]} f6 15. Bc2 {[%emt 0:02:48]} g6 16. Re1 {[%emt 0:09:50]} Bf7 {[%emt 0:44:49]} 17. Bxe5 {[%emt 0:00:30]} fxe5 {[%emt 0:00:30]} 18. Rxe5 {[%emt 0:00:18]} O-O {[%emt 0:00:10]} 19. Nf3 {[%emt 0:02:52]} Bf6 {[%emt 0:01:03]} 20. Re1 {[%emt 0:00:15]} Qd6 21. Qd1 {[%emt 0:02:06]} b4 22. Qd2 {[%emt 0:04:00]} bxc3 {[%emt 0:05:21]} 23. bxc3 {[%emt 0:02:27]} Rfe8 24. Bb3 {[%emt 0:03:04]} Qc5 {[%emt 0:08:58]} 25. Nd4 {[%emt 0:01:14]} Qa5 26. Rac1 {[%emt 0:05:26]} Rxe1+ 27. Qxe1 {[%emt 0:06:39]} c5 {[%emt 0:04:28]} 28. Nc6 {[%emt 0:00:47]} Qc7 {[%emt 0:01:00]} 29. Ba4 {[%emt 0:00:00]} Re8 {[%emt 0:03:01]} 30. Qf1 {[%emt 0:00:00]} Re6 {[%emt 0:00:57]} 31. Qxa6 {[%emt 0:00:00]} Be8 {[%emt 0:01:26]} 32. Qa8 {[%emt 0:00:00]} Kf7 {[%emt 0:01:56]} 33. Nd4 {[%emt 0:02:09]} cxd4 {[%emt 0:00:22]} 0-1

[Event "95th Caplin Hastings Congress"]
[Site "Hastings"]
[Date "2020.01.03"]
[Round "7.12"]
[White "Fishbein, Alexander"]
[Black "Willow, Jonah B"]
[Result "1-0"]
[WhiteElo "2440"]
[BlackElo "2355"]
[Annotator "TA"]
[PlyCount "87"]
[EventDate "2019.12.28"]
[EventType "swiss"]
[EventCountry "ENG"]
[SourceTitle "playchess.com"]
[Source "ChessBase"]
[SourceQuality "1"]

{[%evp 14,87,31,33,66,63,98,109,105,89,106,101,106,70,72,87,84,81,73,80,68,40,54,0,0,0,52,66,58,50,104,98,164,0,0,0,0,0,0,0,0,0,141,49,357,279,535,537,988,877,843,658,1188,1196,1143,1119,984,958,1061,0,12833,11403,12835,12835,12834,12835,12837,12838,12838,12839,12839,12839,12840,12840,12841,12841]} 1. d4 d5 2. c4 dxc4 3. e4 Nc6 4. Nf3 Bg4 5. Be3 e6 6. Bxc4 Nf6 7. Nc3 Bb4 8. Qd3 Qe7 {D07: Queen's Gambit: Chigorin Defence} (8... Bh5 9. Bb5 Bg6 10. Nd2 O-O 11. O-O Ng4 12. Bxc6 Qd6 13. f4 Qxc6 14. a3 Ba5 15. Kh1 Nxe3 16. Qxe3 {0-1 (61) Yu,Y (2752)-Rapport,R (2747) Saint Louis 2019}) 9. Bb5 Bxf3 10. gxf3 O-O {White is better.} 11. Rg1 $146 ({Predecessor:} 11. a3 Ba5 12. Bg5 h6 13. Bh4 e5 14. b4 Nxb4 15. axb4 Qxb4 16. Rxa5 Qxa5 {½-½ (79) Hilverda,A (2385)-Frischmann,R (2274) Saarbruecken 2015}) 11... Rfd8 {...Nxd4! is the strong threat.} 12. Bxc6 $1 bxc6 13. Qc4 c5 14. dxc5 a5 15. a3 Bxc3+ 16. Qxc3 e5 17. Qc4 a4 18. Bh6 (18. Rd1 $14) 18... g6 $11 19. Rd1 Rxd1+ ({Black should play} 19... Rdb8 $11) 20. Kxd1 $14 Qd7+ 21. Ke2 $1 Rb8 (21... Qh3 $14 22. Bg5 Qxh2) 22. Rd1 $16 Qh3 {[#]} (22... Qc6 $16 {keeps fighting.}) 23. Qc1 $2 (23. Qb4 $3 $18 {[%mdl 512]} Qc8 (23... Rxb4 24. Rd8+) 24. Qxa4) 23... Qxh2 $11 24. Qg5 $40 {[%mdl 128] Black needs to defend precisely.} Rxb2+ 25. Rd2 Rxd2+ 26. Qxd2 Ne8 27. c6 (27. Qd8 {is more complex.} Qxh6 28. Qxe8+ Qf8 29. Qxe5 Qc8 30. f4) 27... Nd6 (27... Qh3 $11 {keeps the balance.}) 28. Bg5 $1 $16 {[%cal Rg5e7] Threatens to win with Be7.} Qh3 $2 {[%mdl 8192] [#]} (28... Kg7 $1 $14) 29. Be7 $1 $18 {[%cal Re7d6]} Qe6 $2 (29... Qc8) 30. Bxd6 $1 {aiming for Qd5.} cxd6 {[%mdl 4096] Endgame KQ-KQ} 31. Qd5 {Black must now prevent Qxe6.} Qc8 32. Qb5 Kf8 33. Qb7 Qe6 34. Kd3 Qh3 35. Qb8+ Ke7 36. c7 $2 (36. Qc7+ $18 Kf8 37. Qxd6+ {[%mdl 64] Double Attack} Kg7 38. Qxe5+ Kh6 39. Qc5) 36... Qxf3+ $2 {[%mdl 8192]} (36... Qf1+ $11 37. Kd2 Qxf2+ {[%mdl 64] Double Attack} 38. Kc1 Qc5+ 39. Kb2 Qd4+ 40. Kb1 Qd3+ 41. Kb2 Qe2+ 42. Ka1 Qd1+ 43. Kb2 Qd4+ 44. Kb1 Qd3+ 45. Kb2 Qd4+) 37. Kc4 {Qd8+ would kill now.White is clearly winning.} Qe2+ 38. Kb4 Qxe4+ 39. Ka5 Qd5+ {[#]} 40. Ka6 $1 Qc6+ 41. Ka7 Qc5+ 42. Qb6 Qc4 43. Kb8 Kd7 44. Qb7 {Accuracy: White = 78%, Black = 40%.} 1-0

[Event "95th Caplin Hastings Congress"]
[Site "Hastings"]
[Date "2020.01.03"]
[Round "7.13"]
[White "Merry, Alan B"]
[Black "Yao, Lan"]
[Result "1/2-1/2"]
[WhiteElo "2423"]
[BlackElo "2281"]
[Annotator "NA RC"]
[PlyCount "95"]
[EventDate "2019.12.28"]
[EventType "swiss"]
[EventCountry "ENG"]
[SourceTitle "playchess.com"]
[Source "ChessBase"]
[SourceQuality "1"]
[TimeControl "40/6600+30:3000+30"]

1. d4 {[%emt 0:09:31]} Nf6 {[%emt 0:09:35]} 2. c4 {[%emt 0:00:03]} e6 {[%emt 0:00:05]} 3. g3 {[%emt 0:00:01]} Bb4+ {[%emt 0:00:07]} 4. Bd2 {[%emt 0:00:06]} a5 {[%emt 0:00:08]} 5. Bg2 {[%emt 0:00:05]} O-O {[%emt 0:00:05]} 6. Nf3 {[%emt 0:00:01]} b6 {[%emt 0:00:08]} 7. O-O {[%emt 0:00:06]} Bb7 {[%emt 0:00:13]} 8. Bf4 {[%emt 0:00:32]} Be7 {[%emt 0:00:15]} 9. Qc2 {[%emt 0:00:05]} Be4 {[%emt 0:02:51]} 10. Qc1 {[%emt 0:00:03]} Bb7 {[%emt 0:04:01]} 11. Nc3 {[%emt 0:00:05]} Ne4 {[%emt 0:01:28]} 12. Nb5 {[%emt 0:17:55]} c6 {[%emt 0:03:50]} 13. Nc3 {[%emt 0:00:00]} Nxc3 {[%emt 0:09:57]} 14. bxc3 {[%emt 0:00:00]} d5 {[%emt 0:11:20]} 15. Rb1 {[%emt 0:00:00]} Nd7 {[%emt 0:01:32]} 16. Qb2 {[%emt 0:18:13]} Ba6 $11 {[%emt 0:02:02]} ({Much worse is} 16... dxc4 $6 17. Ne5 $16) 17. cxd5 {[%emt 0:00:54]} cxd5 {[%emt 0:00:14]} 18. a4 {[%emt 0:02:12]} Rc8 {[%emt 0:03:08]} 19. Rfe1 {[%emt 0:09:55]} Re8 {[%emt 0:17:56]} 20. Ne5 {[%emt 0:17:36]} Nxe5 21. Bxe5 {[%emt 0:00:05]} Rc6 {[%emt 0:00:43]} 22. e4 {[%emt 0:00:12]} Bd3 {[%emt 0:08:22]} 23. exd5 {[%emt 0:01:07]} exd5 {[%emt 0:00:05]} 24. Rbd1 {[%emt 0:00:38]} Bc4 {[%emt 0:00:31]} 25. h4 {[%emt 0:02:30]} Bd6 {[%emt 0:12:36]} 26. Bh3 {[%emt 0:14:45]} Bxe5 {[%emt 0:08:01]} 27. dxe5 {[%emt 0:00:07]} Qc7 {[%emt 0:00:42]} 28. Qd2 {[%emt 0:10:43]} Bb3 {[%emt 0:03:03]} 29. Rb1 {[%emt 0:01:54]} Rxc3 {[%emt 0:06:59]} 30. e6 {[%emt 0:01:25]} d4 {[%emt 0:09:25]} 31. exf7+ {[%emt 0:06:11]} Bxf7 {[%emt 0:00:48]} 32. Rxe8+ {[%emt 0:03:13]} Bxe8 {[%emt 0:00:01]} 33. Qxd4 {[%emt 0:00:38]} Rc1+ {[%emt 0:01:00]} 34. Rxc1 {[%emt 0:00:04]} Qxc1+ {[%emt 0:00:02]} 35. Bf1 {[%emt 0:01:19]} Qc7 {[%emt 0:02:26]} 36. Qe4 {[%emt 0:03:30]} Qd8 {[%emt 0:00:56]} 37. Bd3 {[%emt 0:01:47]} Bg6 {[%emt 0:00:47]} 38. Qe6+ {[%emt 0:00:20]} Bf7 {[%emt 0:01:59]} 39. Bxh7+ {[%emt 0:00:39]} Kxh7 {[%emt 0:00:02]} 40. Qxf7 {[%emt 0:00:05]} Qd1+ {[%emt 0:00:04]} 41. Kh2 {[%emt 0:02:55]} Qxa4 {[%emt 0:00:06]} 42. Qh5+ {[%emt 0:00:24]} Kg8 {[%emt 0:00:04]} 43. Qd5+ {[%emt 0:00:08]} Kh7 {[%emt 0:00:07]} 44. Qd3+ {[%emt 0:00:13]} Kh8 {[%emt 0:00:07]} 45. Qd8+ {[%emt 0:00:12]} Kh7 {[%emt 0:00:04]} 46. Qxb6 {[%emt 0:00:05]} Qb4 {[%emt 0:00:12]} 47. Qe6 {[%emt 0:06:38]} a4 {[%emt 0:00:13]} 48. Qf5+ {[%emt 0:00:43]} 1/2-1/2